How nature works : The science of self-organized criticality

Na minha lista:
Detalhes bibliográficos
Autor principal: Bak, Per (Author)
Formato: Livro
Idioma:inglês
Publicado em: Oxford : Oxford University Press, 1997
Assuntos:
Tags: Adicionar Tag
Sem tags, seja o primeiro a adicionar uma tag!

MARC

LEADER 00000nam a22000003a 4500
001 stu51762
005 20150617225707.4
008 000126s1997----uk------------------eng-d
020 |a 0-19-850164-1 
040 |a STU  |b slo 
041 0 |a eng 
044 |a uk 
080 |a 007 
080 |a 50 
084 |a C1240  |2 INS 
100 1 |a Bak, Per  |4 aut 
245 1 |a How nature works :  |b The science of self-organized criticality 
260 |a Oxford :  |b Oxford University Press,  |c 1997 
300 |a 212 s 
650 7 |a samoorganizujúce sa systémy  |2 stusub 
650 7 |a prírodné vedy  |2 stusub 
996 |b I5333  |c I*5333  |l II680  |s A  |a 24  |w stu51762_0001